000
00194 a2200097 4500
001
7840
100
_a
Geene, F
245
_a
The wall has two sides
260
_a
_b
Cape
_c
090
_c
6289
_d
6289
942
_a
NUST-CAE
_c
M
_c
32810
999
_c
242913
_d
242913